Open Data Biblioteca Nacional de Portugal


República Portuguesa: Ministério da Cultura
Biblioteca Nacional de Portugal

Catálogo da BNP: acesso por Identificadores Unívocos
Registos Bibliográficos associados ao registo de autoridade

Etiqueta de registo: 01002cas 2200301 450
001 117675
003 http://id.bnportugal.gov.pt/bib/catbnp/117675
005 20001214161100.0
095 ## $aPTBN00123082
100 ## $a19890306a19889999m y0pora0103 ba
101 0# $apor
102 ## $aPT
106 ## $ar
110 ## $aauuzz..0uu0
200 1# $aEng. industrial$fdir. Associacao de Estudantes da Faculdade de Ciencias e Tecnologia da Universidade Nova de Lisboa
207 #0 $aJun. 1988-
210 #9 $aMonte da Caparica$cA.E.F.C.T.U.N.L.,$d1988-
215 ## $d27 cm
532 12 $aEngenharia industrial
606 ## $aAssociativismo estudantil$2BN-P$3439527
606 ## $2SIPOR$3288784
606 ## $aIndústria$2SIPOR$311205
620 ## $dMonte da Caparica
675 ## $a66/68(05)$vBN$zpor$3335592
712 02 $aAssociacao de Estudantes da Faculdade de Ciencias e Tecnologia da Universidade Nova de Lisboa$4300$4650$3335593
801 #0 $aPT$bBN$gRPC
966 ## $dJun. 1988$lBN$mFGREV$sP.P. 19052 V.$x1

Etiqueta de registo: 00000nkm 2200025 450
001 2261570
003 http://id.bnportugal.gov.pt/bib/catbnp/2261570
100 ## $a20260205f19881994m y0pory01030103ba
101 0# $apor
102 ## $aPT
200 1# $aSarau académico, academia almadense, 24 nov.$bVisual gráfico]$fUniarte - Encontros Universitários, Associação Académica de Lisboa e Associação de Estudantes da Faculdade de Ciências e Tecnologia$gdesign Ana Cruz
210 #9 $a[S.l.]$cUniarte - Encontros Universitários,$d[entre 1988 e 1994]
215 ## $a1 cartaz$ccolor.$d47x68 cm
306 ## $aDatação atribuída em conformidade com as designações institucionais
317 ## $aColeção Madeira Luís
675 ## $a766(=1:469)"198"(084.5)$vBN$zpor$31619310
702 #1 $aCruz,$bAna$4410$31983789
710 02 $aUniarte - Encontros Universitários$31983790
711 02 $aAssociação Académica de Lisboa$368901
711 02 $aAssociacao de Estudantes da Faculdade de Ciencias e Tecnologia da Universidade Nova de Lisboa$3335593
801 #0 $aPT$bBN$gRPC
966 ## $lBN$mICONOG$sCT. 19708 A.$x3
971 ## $cCaticonografia9$d20260205
995 ## $aPRR2026 $d20260205$iCaticonografia9

Etiqueta de registo: 00000nkm 2200025 450
001 2282048
003 http://id.bnportugal.gov.pt/bib/catbnp/2282048
100 ## $a20260320f198- m y0pory01030103ba
101 0# $apor
102 ## $aPT
200 1# $aCurso de Teatro, sob a orientação de Mário Viegas, Faculdade de Ciências e Tecnologia, Monte da Caparica, 23-5, 7-6., 16-6$bVisual gráfico]$fAssociação de Estudantes Faculdade de Ciências e Tecnologia - U.N.L.
210 #9 $aMonte da Caparica$cAssociação de Estudantes Faculdade de Ciências e Tecnologia da Universidade Nova de Lisboa,$d[198-?]
215 ## $a1 cartaz$ccolor.$d45,5x 32,5 cm
306 ## $aDatação atribuída em conformidade com as designações institucionais
317 ## $aColeção Madeira Luís
710 02 $aAssociacao de Estudantes da Faculdade de Ciencias e Tecnologia da Universidade Nova de Lisboa$3335593
801 #0 $aPT$bBN$gRPC
966 ## $lBN$mICONOG$sCT. 17075 V.$x3
971 ## $cCaticonografia7$d20260320
995 ## $aPRR2026

OpendataBNP@bnportugal.pt | Mais informação sobre acesso aos dados BNP